| 000 | 00419nam a2200181Ia 4500 | ||
|---|---|---|---|
| 003 | 0100 | ||
| 008 | 130303s9999 xx 000 0 und d | ||
| 040 | _cARRUPELIB | ||
| 050 | _aQC6.C851997 | ||
| 100 | _aJames T. Cushing | ||
| 245 | _aPhilosophical concepts in Physics | ||
| 260 | _aCambridge | ||
| 260 | _bUniversity press | ||
| 260 | _C1997 | ||
| 300 | _a424p.25cm | ||
| 700 | _aJames T. Cushing | ||
| 942 | 0 | 0 | _01 |
| 999 |
_c13052 _d13052 |
||